000 00568nam a2200217Ia 4500
005 20240415154252.0
008 131103s9999 xx 000 0 und d
020 _a8126901888
_cRs. 795
040 _aLoreto College
041 _aEnglish
082 _a370.15
_bDAS
100 _aDash, M
245 _aFundamentals of Educational Psychology
_cM. Dash, Neena Dash
260 _aDelhi
_bAtlantic
_c2003
300 _axii,428p
_b charts, tables
504 _aIncludes index
650 _aPsychology
700 _aDash, Neena
850 _aLCBED
942 _cBK
999 _c27284
_d77763